000
00312 a2200133 4500
001
60192
040
_c
Anchieta - Pituba
240
1
0
_a
Das beste von Brüssel
_l
por
245
1
0
_a
Das beste von Brüssel
300
_a
96
362
0
_a
2006
650
4
_a
Tratamento histórico e geográfico de pessoas
942
_c
BK
999
_c
60192
_d
60192